000 01085nam a2200313 a 4500
001 000010196
003 DO-SdBNP
005 20250618121218.0
007 ta
008 091005s1999 dr a r 000 p spa d
020 _a9993400092
040 _aDO-SdBNP
_bspa
_cBNPHU
_erda
082 4 _aRD861.44
_bM664p
_222
245 0 0 _aMinerva, Patria y María Teresa heroínas y mártires /
_ccompilación, Fiumi Gómez Sánchez.
260 _aSanto Domingo :
_bCocolo,
_c1999.
264 _aSanto Domingo :
_bEditorial Cocolo,
_c1999.
300 _a116 páginas :
_bilustraciones ;
_c21 cm.
336 _atexto
_btxt
_2rdacontent
337 _asin mediación
_bn
_2rdamedia
338 _avolumen
_bnc
_2rdacarrier
500 _aIncluye datos biográficos de la compiladora en las solapas.
504 _aBibliografía : páginas 116
590 _aInventariado, 2018/BT
650 4 _aPoesía dominicana
_966
650 4 _aLiteratura dominicana.
_967
700 1 _aGómez Sánchez, Fiumi,
_d1941
_ecompilador
_925199
_4comp.
910 _aValidado. Control de calidad. MFF
942 _2ddc
_cLBS1
999 _c9955
_d9955